000 00326nam a22001457a 4500
008 221010b ||||| |||| 00| 0 eng d
020 _a97808227349384
041 _aeng
080 _2THIRD EDITION
_a573
082 _a573SLO
100 _a16.1
101 _aBIO
245 _aBIOLOGY OF WOMEN
_cSLOANE E
942 _2udc
_cBK
999 _c58445
_d58445